| 000 | 00814nam a2200193 i 4500 | ||
|---|---|---|---|
| 001 | 185540 | ||
| 003 | ES-MaACL | ||
| 005 | 20251116063115.0 | ||
| 008 | 160701q1901 sp |||| | spa d | ||
| 080 | _a821.134.2-1"18" | ||
| 100 | 1 |
_aPeñaranda Carlos, _d1848-1908 _9131101 |
|
| 245 | 1 | 3 |
_aLa conversión de un zegrí _b: leyenda heróica sobre una tradición granadina. La Alhambra : poesía ... / _cCárlos Peñaranda ; con un prólogo por Narciso Campillo ; ilustrada por Rafael Hidalgo de Cavides. |
| 250 | _a2ª ed. | ||
| 260 |
_aMadrid : _bLibreria de Fernando Fe ; _aSevilla : _bLibreria de hijos de Fe, _c[1901?] |
||
| 300 |
_a104 p. : _bil. ; _c21 cm. |
||
| 700 | 0 |
_aHidalgo de Caviedes, Rafael. _963586 |
|
| 852 |
_aES-MaACL _jT-1014-F-9 _z.- Ded. ms. del autor |
||
| 999 |
_c185540 _d185540 |
||